000 01017nam0a2200289 4500
001 RU\NLR\bibl\74492
005 20260407053517.0
035 _a(NLR Aleph) 000072693
090 _a401613
_c401613
100 _a20000313d1999 |||y0rusy50 ca
101 0 _arus
102 _aRU
105 _ay |||||||||
200 1 _aСоюз литераторов Оренбуржья
_eСправ.
210 _aОренбург
_cФорштадт-ООО"
_d1999
215 _a33 с.
_d15
225 1 _aЧесть. Гений. Воля
606 0 _aРусская советская литература
_jСправочники
_xОренбургская область
_91587418
_3RU\NLR\auth\66996194
686 _aШ5(2=Р)7-379я2
710 0 2 _aСоюз литераторов Оренбуржья
_3RU\NLR\AUTH\8810023462
_9544931
801 0 _aRU
_bNLR
_c20000313
_gPSBO
801 1 _aRU
_bNLR
_c20000313
852 _aNLR
_jС К-1/7805
942 _cBOOK
980 _aNB